00307 2200133 4500001002100000005001500021035002000036245004700056260002400103082000800127084001200135990001300147990001300160INLIS00000000000256420250605112933 a0010-0625000150 aKiat Menulis Cerita Pendek /cHaris Efendi bPusat Bahasa,c2003 a400 a400 KIA a04201046 a04201047